[Event "Bundesliga 0809"]
[Site "Germany"]
[Date "2008.11.29"]
[Round "5.8"]
[White "Babula, Vlastimil"]
[Black "Berelowitsch, Alexander"]
[Result "1-0"]
[WhiteElo "2608"]
[BlackElo "2576"]
[Annotator "Babula/Meyer,CD"]
[PlyCount "83"]
[EventDate "2008.10.03"]
[EventType "team-tourn"]
[EventRounds "15"]
[EventCountry "GER"]
[SourceTitle "CBM 127 Extra"]
[Source "ChessBase"]
[SourceDate "2009.01.08"]
[SourceVersion "2"]
[SourceVersionDate "2009.01.28"]
[SourceQuality "1"]
[WhiteTeam "Werder Bremen"]
[BlackTeam "Muelheim"]
[WhiteTeamCountry "GER"]
[BlackTeamCountry "GER"]

1. d4 Nf6 2. c4 e6 3. Nf3 c5 4. d5 exd5 5. cxd5 d6 6. Nc3 g6 7. h3 {aimed
against Bc8-g4} Bg7 8. e4 O-O 9. Bd3 {This is a quite popular setup against
the Benoni. White doesn't transfer his Nf3 to c4 as he would like to fulfil
quickly the e4-e5 advance.} a6 {eine bemerkenswerte Alternative zu 9...b5} 10.
a4 Nbd7 {This is the more frequent move order.} ({Possible is} 10... Re8 11.
O-O Nh5 {to avoid Bc1-f4, after that} 12. Re1 Nd7 {transposes to the game.})
11. O-O Re8 12. Re1 (12. Bf4 $5 {deserves attention as from the diagonal h2-b8
the bishop controls the key square e5.}) 12... Nh5 {to prevent Bc1-f4} ({Oder} 
12... Qe7 {mit schwerblütigem Kampf, z.B.} 13. Bf4 Nh5 14. Bh2 Qf8 15. Bf1 (15.
a5)) 13. Bg5 {looks logical} ({Other options are immediate} 13. Be3) ({or even
} 13. g4) 13... Bf6 ({The alternative is} 13... Qc7) 14. Be3 {White puts his
bishop to e3 now, when Black's Bf6 occupies the natural retreat square for the
h5 knight.} Ne5 {Black strives to exchange some pieces as he has less space.}
15. Be2 {The typical reaction to Black's last move in this line.} Nxf3+ 16.
Bxf3 Ng7 {The knight is forced to go there, where it`s slightly misplaced. See
the remark to White's 14th move.} 17. Qd2 {We come to one of the critical
positions in this scheme as I found after the game. Since I didn't expect this
opening same as my opponent, during the game I was not sure about the details.}
(17. a5 Rb8 18. Na4 Bd7 19. Qd2 Bxa4 20. Rxa4 Qd7 21. Rc4 $5 {[%cal Gb2b4]} Qb5
22. Rc2 b6 $6 (22... Qa4 $5 {[%cal Gb7b5,Yb7b6]}) 23. Ra1 bxa5 24. Rxa5 Qb6 25.
Ra2 $14 {Xu Jun (2535)-Chekhov,V (2525)/Beijing 1991/CBM 028 (1/2-1/2, 30).})
17... Bd7 ({I Besides the text move I also expected} 17... Rb8 18. Rab1 Qa5 $13
({weaker is} 18... b5 $6 {due to} 19. axb5 axb5 20. b4 $14)) ({II Later at
home I found Gashimov's move} 17... b6 $5 {("multi-purpose and flexible",
Marin) with the idea to transfer Black's a8 rook via a7 to the e- or (after
previous f7-f5) to the f-file.}) ({III Unlängst gespielt wurde auch} 17... Be5
18. a5 b5 19. axb6 Qxb6 20. Reb1 Qb4 21. Ra4 Qb3 22. Bd1 Bxc3 $2 (22... Qb7 $14
) 23. Qc1 Qb5 $2 24. bxc3 Qd3 25. Rb2 $18 {1-0/39, Potkin,V (2629)-Garakov,M 
(2439)/Novokuznetsk 2008}) 18. Bf4 (18. Be2 b5 {gilt als okay für Schwarz.})
18... Be5 19. Be2 {prevents b7-b5} Qe7 $6 {The beginning of a wrong plan:
Black wants to increase the strength of the planned advance f7-f5, but this
concept has two drawbacks. Firstly Black puts his queen opposite to White's
rook, what is usually bad. And secondly the queen actually is needed for the
defence of the queenside.} ({I Of course} 19... Qf6 $2 {is bad due to} 20. Bg5)
({II A better try than the text is} 19... Qa5 $13 {with complicated play, i.e.}
20. Bg4 Bxf4 21. Qxf4 Rad8) ({III} 19... f5 {ist vielleicht gar nicht so übel,
z.B.} 20. Bc4 (20. Bxe5 Rxe5 21. f4 Re8 22. Bc4 fxe4 23. Nxe4 Bf5 24. Ng5 $14)
(20. a5 $14) 20... Qf6 21. Bxe5 Rxe5 $2 (21... Qxe5 22. exf5 Qxf5 23. f3 Rxe1+
24. Rxe1 Qf8 25. a5 {/\Ne4+/=}) 22. exf5 $2 (22. f4 $1 Ree8 23. e5 $1 $16)
22... Nxf5 {remis/38, Lazovic,G (2325)-Mantovani,R (2365)/Cannes 1996}) 20. Ra3
$1 $14 {The rook aims to b3, if necessary it can also change to e3.} ({
Sofortiges} 20. a5 {, um den Pb7 zurückzuhalten, kam auch in Betracht, z.B.}
Bxf4 21. Qxf4 Rac8 22. Ra3 c4 23. Bf3 $14 {(} Rc5 24. Raa1 Bc8 25. Qd2 Qd8 26.
Ne2 Qf6 27. Nd4 Bd7 28. Rac1 {)}) 20... Rab8 $2 {This mistake allows White to
block Black's queenside profitably.} ({I Better is either to rectify the
previous inaccuracy and return with the queen} 20... b6 21. Rb3 Qd8 $14) ({
II or to capture the c3 knight} 20... Bxc3 21. bxc3 Qxe4 22. Raa1 (22. Bxd6 $5)
22... Qe7 23. Bxa6 $14) 21. a5 $16 ({Weaker is} 21. Rb3 $6 {due to} b5 $1 22.
axb5 Rb6) 21... f5 {Black continues in his plan,} ({but} 21... Qd8 $5 {gives
more chances:} 22. Rb1 Qc7 23. b4 $16) 22. Rb3 {There is no need to worry
about the e4 pawn.} Bxf4 (22... fxe4 23. Bxe5 Qxe5 24. Bf1 $16 e3 (24... Bf5
25. g4) 25. Qxe3 (25. Rxe3 Qd4) 25... Qf5 26. Ne4 Kh8 27. g4 Qxd5 28. Rd3 Qc6
29. Rxd6 Qc7 30. Rdd1 Ba4 (30... Rbc8 $4 31. Qh6) 31. b3 Bc6 32. Qxc5) 23. Qxf4
g5 24. Qd2 f4 $6 {It is difficult to advise to Black something, but this
advance just frees White`s hands for operations on the queenside.} (24... Qf6
25. Rb6 $1 fxe4 26. Bg4 Bxg4 27. hxg4 Qg6 28. Re3 h5 29. b4 c4 (29... Rbc8 30.
Qe1 cxb4 31. Nxe4) 30. Qe2 hxg4 31. Nxe4 $16) 25. Rb6 Qe5 {Although Black has
a nice square on e5, the queen normally is unsuited for a blockade. If Black
could get his knight there, his position would be fine, but with the knight on
g7 he can't organise any effective counterplay on the kingside.} 26. Qd1 {
Prevents h7-h5 and intends Qd1-b3. White's strategical dream is to transfer
his knight to c4.} Re7 $2 {Under pressure Black loses a pawn.} ({Although after
} 26... Rf8 27. Nb1 $5 {(striving to fulfil his dream)} ({or} 27. Qb3) 27...
Qxe4 28. Bxa6 $16 {White would also be clearly better.}) 27. Bxa6 $18 Be8 28.
Be2 {By closing the e-file White avoids Ng7-f5.} Ra8 29. Qb3 Rxa5 (29... Ra7
30. Ra1 {and a5-a6}) 30. Rxb7 Ra7 31. Rxa7 Rxa7 32. Qb8 Qe7 {(?)} ({This loses
immediately. If Black doesn't want to give up the a-file to White, he has to
play} 32... Ra5 {(+-), which would offer more resistance but unfortunately no
free square for the rook.} {i.e.} 33. Bg4 c4 (33... h5 34. Bd7) 34. Qd8 Ra6 35.
Bc8 Ra7 36. Nb5) 33. e5 $1 {Finally White realizes his opening idea: the break
e4-e5. The rest is simple.} dxe5 34. d6 Rb7 (34... Qb7 35. Bc4+ Kh8 36. Qd8)
35. Bc4+ Kh8 36. Qa8 Qd7 37. Rxe5 Ra7 38. Qd5 Bf7 39. Qxf7 Qxf7 40. Bxf7 Rxf7
41. Rxg5 Ne8 42. Ne4 1-0

[Event "CRO-ch"]
[Site "Slavonski Brod"]
[Date "1995.??.??"]
[Round "?"]
[White "Sulava, Nenad"]
[Black "Cebalo, Miso"]
[Result "0-1"]
[WhiteElo "2420"]
[BlackElo "2570"]
[Annotator "Baburin,A"]
[PlyCount "78"]
[EventDate "1995.02.??"]
[EventType "tourn"]
[EventRounds "13"]
[EventCountry "CRO"]
[EventCategory "10"]
[SourceTitle "CBM 048"]
[Source "ChessBase"]
[SourceDate "1995.10.01"]
[SourceVersion "1"]
[SourceVersionDate "1995.10.01"]
[SourceQuality "1"]

1. d4 Nf6 2. Nf3 c5 3. d5 e6 4. c4 exd5 5. cxd5 d6 6. Nc3 g6 7. h3 Bg7 8. e4
O-O 9. Bd3 b5 10. Nxb5 Re8 11. O-O Nxe4 12. Bxe4 Rxe4 13. Bg5 f6 14. Bd2 a6 15.
Nc3 Re8 16. Bf4 g5 17. Bg3 $6 {White wants to keep pressure on the d6P,
however his last move allows the following manouevre and the White B gets into
an awkward position.} f5 $1 18. Nd2 f4 19. Bh2 {For a while (hopefully for
Black, for a good while!) the Bh2 is out of play, which gives Black a strong
initiative.} Nd7 20. Nce4 Ne5 21. h4 h6 22. hxg5 hxg5 23. Qh5 Nf7 24. Rae1 Bf5
25. g4 $6 {This leaves B locked on h2 for another while.} (25. g3 $5) 25... Bh7
26. b3 Bd4 27. Kg2 Kg7 $1 {Reminding White that his Q isn't placed well
either! Black threatens Rh8 & Bxe4+ or Bxe4+ & Rh8.} 28. Qh3 Bg6 (28... Ne5 $5
29. Qh5 Nd3) 29. Qd3 Ne5 30. Qe2 Rh8 31. f3 Qg8 32. Nxg5 $2 (32. Rh1 $1) 32...
Bd3 33. Ne6+ Kf7 34. Qd1 Rxh2+ $1 35. Kxh2 Qh7+ 36. Kg2 Qh4 37. Nxf4 Rh8 38.
Nh5 Rxh5 39. gxh5 Bf5 {Black mates by force.} 0-1

[Event "Oberliga Nord W 9697"]
[Site "Germany"]
[Date "1996.10.??"]
[Round "7.1"]
[White "Babula, Vlastimil"]
[Black "Bangiev, Alexander J"]
[Result "1/2-1/2"]
[WhiteElo "2545"]
[BlackElo "2400"]
[Annotator "Bangiev,A"]
[PlyCount "63"]
[EventDate "1996.10.??"]
[EventType "team"]
[EventRounds "9"]
[EventCountry "GER"]
[SourceTitle "CBM 057"]
[Source "ChessBase"]
[SourceDate "1997.04.01"]
[SourceVersion "1"]
[SourceVersionDate "1997.04.01"]
[SourceQuality "1"]
[WhiteTeam "Werder Bremen II"]
[BlackTeam "Isernhagen"]
[WhiteTeamCountry "GER"]
[BlackTeamCountry "GER"]

1. d4 g6 2. c4 Bg7 3. e4 c5 4. d5 d6 5. Nc3 Nf6 6. h3 O-O 7. Nf3 e6 8. Bd3 exd5
9. cxd5 b5 10. Bxb5 Nxe4 11. Nxe4 Qa5+ 12. Nfd2 Qxb5 13. Nxd6 Qa6 14. N2c4 Nd7
15. Be3 Nb6 $5 (15... Bxb2 16. O-O $5 {von Babula,V vorgeschlagen} Bxa1 17.
Qxa1 f6 18. Bh6 Rd8 19. Qe1 $5 (19. f4 Bb7 20. Qe1 Nf8 $17) 19... Ne5 20. f4
Rxd6 (20... Nf7 21. Qe7 $16) 21. Nxd6 Qxd6 22. fxe5 Qxd5 23. exf6 $14) 16. Rc1
(16. Qc2 Nxd5 17. Bxc5 Qc6 $44) 16... Nxc4 17. Nxc4 Rd8 $5 (17... Qxa2 $143 18.
O-O Ba6 19. b3 $11) (17... Bb7 18. O-O Rad8 19. d6 Qc6 20. f3 Ba6 21. b3 $14 {
1/2-1/2 Babula,V-Knazovcik,L/CSR-chJ 1990 (56)}) 18. O-O Be6 19. dxe6 $5 (19.
Qc2 Rxd5 $15) 19... Rxd1 20. exf7+ Kxf7 21. Rfxd1 Qxa2 $132 22. Rd3 $6 (22.
Bxc5 a5 $5 (22... Bxb2 $2 23. Rd2) (22... Qb3 23. Rd7+ Kg8 24. Bxa7 Rc8 25. Bd4
$1 $14) 23. Rd3 Bh6 $132) 22... Qa6 (22... Bxb2 $2 23. Rd2) 23. Bxc5 Kg8 24.
Ra3 $1 (24. b4 Bh6 $1 $15) 24... Qb7 25. b4 a6 (25... Bf8 $5 26. Ne3 a6 (26...
Bxc5 27. bxc5 Qc6 28. Ra5 $11) 27. Rd3 Rc8 $15) 26. Rd1 Bf8 (26... Qb5 $5 27.
Nb6 Re8 $15) 27. Nb6 Re8 28. Nd5 (28. Rd7 $6 Re1+ 29. Kh2 Qb8+ 30. g3 Bxc5 31.
bxc5 Qf8 $16) 28... Re6 29. Nf4 Re8 (29... Rf6 30. Nd5 Rf7 31. Re3 $11) 30. Nd5
Re6 31. Nf4 Re8 32. Nd5 1/2-1/2

[Event "Chigorin Memorial 07th"]
[Site "St Petersburg"]
[Date "1999.11.02"]
[Round "1"]
[White "Shishkov, Andrei"]
[Black "Berelowitsch, Alexander"]
[Result "0-1"]
[WhiteElo "2303"]
[BlackElo "2468"]
[Annotator "Bangiev,A"]
[PlyCount "50"]
[EventDate "1999.11.02"]
[EventType "swiss"]
[EventRounds "9"]
[EventCountry "RUS"]
[SourceTitle "CBM 074"]
[Source "ChessBase"]
[SourceDate "2000.02.01"]
[SourceVersion "1"]
[SourceVersionDate "2000.02.01"]
[SourceQuality "1"]

1. d4 Nf6 2. c4 c5 3. d5 e6 4. Nc3 exd5 5. cxd5 d6 6. e4 g6 7. h3 Bg7 8. Nf3
O-O 9. Bd3 a6 10. a4 Nbd7 11. O-O Ne8 12. Bg5 f6 13. Be3 Ne5 14. Nxe5 (14. Bf4
Nxf3+ 15. Qxf3 f5 16. Qg3 fxe4 (16... b6 17. e5 dxe5 18. Bxe5 Bxe5 19. Qxe5 Nd6
20. Rfe1 $14) 17. Bxe4 b6 18. Rad1 Ra7 $132) 14... fxe5 15. Qd2 (15. Be2 Qh4 (
15... b6 16. Rb1 a5 17. Bg4 {1-0 Campos Moreno,J- Cramling,P/Barcelona 1989/
(64)}) 16. Qd2 (16. a5 Nf6 17. f4 Nh5 $13) 16... h6 (16... Nf6 17. f4) 17. a5
Rb8 18. Rab1 b5 19. axb6 Rxb6 $132) 15... Nf6 {/\Nh5-f4} 16. Rfb1 Nh5 17. Kh2
$6 (17. b4 Nf4 18. bxc5 Qg5 19. Bxf4 exf4 20. Kh1 dxc5 $13) 17... Nf4 18. Bf1
Qh4 {[%mdl 128]} (18... Nxh3 $6 19. gxh3 Qh4 {/\20...Rf3} 20. Qe2 $16) 19. f3
$2 (19. g3 $1 Qh6 (19... Qh5 20. Qd1 Qxd1 21. Rxd1 Nh5 22. Rab1 $14) 20. Qc2 g5
$1 (20... Bxh3 $2 21. Bxf4 $18) 21. gxf4 exf4 22. Bd2 Be5 23. Ne2 (23. f3 $2
Bxh3 24. Bxh3 g4 25. fxg4 f3+ $19) 23... Qh4 $5 $40) (19. b4 $2 Nxh3 $1 20.
gxh3 Rf3 $1 (20... Bxh3 21. Bg2 $1 Bg4+ 22. Kg1 Bf3 23. Kf1) 21. Bg2 $8 (21.
bxc5 Bxh3 $19) 21... Bxh3 $1 (21... Rxh3+ 22. Bxh3 Qxh3+ 23. Kg1 Bg4 24. f3
Bxf3 25. Qh2 Qg4+ 26. Kf1 Bxe4 27. Nxe4 Qxe4 28. Qh3 Rf8+ $44) 22. Bh1 (22.
Bxf3 Bg4+ $19) 22... Raf8 $19) 19... Nxh3 $1 {[%mdl 192]} 20. gxh3 Rxf3 21. Qe1
Rxh3+ 22. Bxh3 Qxh3+ 23. Kg1 Bg4 $1 $19 24. Nd1 Bf3 25. Qd2 Rf8 0-1

[Event "USA-ch"]
[Site "Greenville"]
[Date "1983.??.??"]
[Round "12"]
[White "Tarjan, James Edward"]
[Black "Kudrin, Sergey"]
[Result "1-0"]
[WhiteElo "2535"]
[BlackElo "2505"]
[Annotator "Bulletin"]
[PlyCount "81"]
[EventDate "1983.07.??"]
[EventType "tourn"]
[EventRounds "13"]
[EventCountry "USA"]
[EventCategory "10"]
[SourceTitle "MCL"]
[Source "ChessBase"]
[SourceDate "1999.07.01"]
[SourceVersion "1"]
[SourceVersionDate "1999.07.01"]
[SourceQuality "1"]

1. d4 Nf6 2. c4 e6 3. Nf3 c5 4. d5 exd5 5. cxd5 d6 6. Nc3 g6 7. Bf4 a6 8. e4
Bg4 (8... b5 9. Qe2 (9. Nd2 Bg7 10. a4 b4 11. Ncb1) 9... Be7 (9... b4 $2 10. e5
$1) 10. e5 dxe5 11. Bxe5 O-O 12. O-O-O Bd6 13. Bxd6 Qxd6 14. Qe5 Qd8 $1) 9. Be2
Nbd7 (9... b5 $2 10. e5 dxe5 11. Nxe5) 10. O-O Nh5 11. Bg5 Be7 12. Bh6 Bf8 (
12... b5 $2 13. e5 $1 Bxf3 (13... dxe5 14. d6 $1) 14. exd6 $14) 13. Bg5 Be7 14.
Be3 O-O 15. Nd2 (15. a4) (15. h3 Bxf3 16. Bxf3) 15... Bxe2 16. Qxe2 b5 17. a4
b4 18. Nd1 Ng7 (18... Bf6 19. g4 $1 Ng7 20. f4) 19. Bh6 Bg5 $2 (19... Re8 $1)
20. Bxg5 Qxg5 21. Ne3 Rfe8 $6 (21... f5 $1) 22. Rae1 Nh5 $2 (22... f5) 23. f4
$1 Qf6 (23... Nxf4 $2 24. Qf3) 24. Nec4 Nxf4 25. Qg4 $1 Qd4+ 26. Kh1 Ne5 27.
Qxf4 Nxc4 28. Nxc4 Qxc4 29. Qxf7+ Kh8 30. Qf6+ Kg8 31. Qxd6 Rxe4 32. Rc1 $1 Qd4
33. Rcd1 $1 Qxb2 34. Qxc5 Rg4 35. Rf2 Qc3 36. Qe7 Rc4 37. d6 Rcc8 38. d7 Rd8
39. Qf7+ Kh8 40. Re2 Qc6 41. Re7 1-0

[Event "EU-chT (Men) 10th"]
[Site "Debrecen"]
[Date "1992.11.??"]
[Round "1.3"]
[White "Grivas, Efstratios"]
[Black "Minasian, Artashes"]
[Result "1/2-1/2"]
[WhiteElo "2465"]
[BlackElo "2545"]
[Annotator "Bulletin"]
[PlyCount "168"]
[EventDate "1992.11.20"]
[EventType "team-swiss"]
[EventRounds "9"]
[EventCountry "HUN"]
[SourceTitle "EU-chT"]
[Source "ChessBase"]
[SourceDate "1999.07.01"]
[SourceVersion "2"]
[SourceVersionDate "1999.07.01"]
[SourceQuality "1"]
[WhiteTeam "Greece"]
[BlackTeam "Armenia"]
[WhiteTeamCountry "GRE"]
[BlackTeamCountry "ARM"]

1. d4 Nf6 2. c4 c5 3. d5 e6 4. Nc3 exd5 5. cxd5 d6 6. Nf3 g6 7. e4 a6 8. a4 Bg4
9. Be2 Bxf3 10. Bxf3 Nbd7 11. O-O Bg7 12. Be2 O-O 13. Re1 Re8 14. Bf1 (14. f3)
14... Rc8 15. a5 c4 16. Ra4 Ne5 17. Be3 (17. h3 b5 $1) (17. f4 Neg4 (17... Nfg4
18. g3 $1) 18. h3 b5 $1 19. Ra1 b4 20. Nb1 Nh6 $13) 17... Nfd7 (17... Nfg4 18.
Bb6 $16) 18. f4 Nd3 19. Bxd3 cxd3 20. Qxd3 Nc5 21. Bxc5 Rxc5 22. e5 dxe5 23. d6
(23. Rae4 f5 24. Rxe5 Bxe5 25. fxe5 Qxa5 $13) 23... Rc6 (23... exf4 $2 24.
Rxe8+ Qxe8 25. Re4 Re5 26. d7 Qd8 27. Rc4 $18) (23... Qd7 $5 24. Rb4 $13) 24.
Rd1 exf4 (24... Qd7 25. Rc4 $1 Rxc4 (25... exf4 26. Rxc6 bxc6 27. Ne4 $1 $16)
26. Qxc4 exf4 27. Ne4 $13) 25. d7 Re3 26. Re4 Bf6 (26... Rxd3 $2 27. Re8+ Bf8
28. Rxd3 $18) (26... Rxe4 $2 27. Qxe4 Bf6 28. Nd5 $18) (26... Bxc3 $2 27. Qxe3
$18) 27. Rxe3 fxe3 28. Qxe3 Kg7 29. Ne4 Bxb2 (29... Be7 30. Qd4+ f6 31. b4 $16)
30. Qb3 Be5 31. Qxb7 Re6 32. Qd5 Bc7 33. Nc5 Re2 34. Qd4+ (34. Rf1 $2 Qh4 $1
35. Qxf7+ Kh6 $10) (34. Nb7 Qh4 (34... Bxh2+ $2 35. Kf1 $1) 35. Qd4+ $16) 34...
Be5 35. Qg4 Rb2 36. Qe4 (36. Nd3 $1 Rb5 37. Nxe5 Rxe5 38. Qd4 f6 39. Qb6 $18)
36... Bf6 37. Nb7 Rxb7 38. Qxb7 Qxa5 39. Qd5 Qb6+ 40. Kh1 Bd8 41. Qd4+ Qxd4 42.
Rxd4 f5 43. Rd6 (43. Rd2 $1 Kf7 44. Re2 Be7 45. Kg1 {/\ Kf2-c6}) 43... Kf7 44.
Rxa6 Ke7 45. Ra7 Kd6 46. g3 (46. Kg1 $18) 46... Bc7 47. d8=Q+ Bxd8 48. Rxh7 Ke6
49. Kg2 Be7 50. Kf3 Kf6 51. Rh8 Kg7 52. Ra8 Bg5 53. Ra7+ Kh6 54. Rc7 Bd8 55.
Rd7 Bg5 56. Rd1 Kh5 57. h3 Kh6 58. Rd5 Bc1 59. Rd7 Bg5 60. Rd1 Kh5 61. Rd5 Kh6
62. g4 (62. Ke2 $16 {/\ Kd3-e6}) 62... fxg4+ 63. Kxg4 Bc1 64. Kf3 Bg5 65. Rd4
Kg7 66. Ke4 Bc1 67. Kd5 Kf6 68. Kd6 Be3 69. Re4 Bc1 70. Kd7 Kf7 71. Re7+ Kf6
72. Ke8 Ba3 73. Ra7 Bc5 74. Rc7 Ba3 75. Rf7+ Kg5 76. Rf3 Bd6 77. Kf7 Kh4 78.
Kxg6 Bg3 79. Kf5 Kxh3 80. Re3 Kg2 81. Kg4 Bd6 82. Re2+ Kg1 83. Kf3 Bc7 84. Rg2+
Kh1 1/2-1/2

[Event "URS-ch U26"]
[Site "Tbilisi"]
[Date "1989.??.??"]
[Round "?"]
[White "Dreev, Alexey"]
[Black "Shabalov, Alexander"]
[Result "1-0"]
[WhiteElo "2520"]
[BlackElo "2425"]
[Annotator "Bulletin"]
[PlyCount "63"]
[EventDate "1989.01.??"]
[EventType "tourn"]
[EventRounds "15"]
[EventCountry "URS"]
[EventCategory "9"]
[SourceTitle "CBM 012"]
[Source "ChessBase"]
[SourceDate "1989.10.01"]
[SourceVersion "1"]
[SourceVersionDate "1989.10.01"]
[SourceQuality "1"]

1. d4 Nf6 2. Nf3 e6 3. c4 c5 4. d5 exd5 5. cxd5 d6 6. Nc3 g6 7. e4 Bg7 8. h3
O-O 9. Bd3 b5 $6 10. Bxb5 $1 (10. Nxb5 $6 {!+/=; Inf.45/(95)} Nxe4 11. Bxe4 Re8
12. Nd2 {+/= Inf.45/(95)} Ba6 13. a4 Qa5 14. Nxd6 Nd7 15. f3 (15. Nxe8 $2 Rxe8
16. f3 f5 17. Kf2 Bd4+ 18. Kg3 Qc7+ 19. f4 fxe4 $44) 15... Be5 $1 {/\ 16...Bg3#
} 16. Kf2 Bxd6 17. Re1 c4 $44 {Timoshchenko,G-Shabalov,A/URS-OT Barnaul/1988/
1-0/35/}) 10... Nxe4 11. Nxe4 Qa5+ 12. Nfd2 $1 Qxb5 13. Nxd6 Qa6 14. N2c4 Nd7
15. O-O Nb6 16. Nxb6 axb6 17. Qb3 Bd7 18. Bg5 f6 19. Bf4 f5 20. Rfe1 Bf6 21. a4
$1 Bxa4 22. Qe3 c4 23. Qe6+ Kg7 24. Be5 Bxe5 25. Qxe5+ Kg8 26. Qd4 $1 Ra7 27.
Nxc4 Qb7 28. d6 Qf7 29. Re7 Rxe7 30. dxe7 Qxe7 31. Rxa4 Rd8 32. Qe5 1-0

[Event "British CF-72 Championship"]
[Site "Edinburgh"]
[Date "1985.08.06"]
[Round "8"]
[White "Flear, Glenn C"]
[Black "King, Daniel J"]
[Result "1-0"]
[WhiteElo "2455"]
[BlackElo "2435"]
[Annotator "Bulletin"]
[PlyCount "39"]
[EventDate "1985.07.29"]
[EventType "swiss"]
[EventRounds "11"]
[EventCountry "SCO"]
[SourceTitle "EXT 1999"]
[Source "ChessBase"]
[SourceDate "1998.11.16"]
[SourceVersion "1"]
[SourceVersionDate "1998.11.16"]
[SourceQuality "1"]

1. d4 Nf6 2. c4 e6 3. Nf3 c5 4. d5 exd5 5. cxd5 d6 6. Nc3 g6 7. Bf4 a6 8. e4 b5
9. Qe2 Be7 $6 (9... Ra7 10. e5 $140 Re7) 10. e5 Nh5 11. Bh6 dxe5 12. O-O-O f6
13. Nxe5 $1 fxe5 14. Qxe5 Kf7 15. d6 Bf6 16. Qd5+ Be6 17. Qxa8 Qa5 18. Qf3 b4
19. Bc4 $1 Bxc4 20. Qb7+ (20. Qb7+ Kg8 (20... Ke6 21. Rhe1+ Be5 22. Qe7+) 21.
Qxb8+) 1-0

[Event "ROM-chT"]
[Site "Sovata"]
[Date "1998.??.??"]
[Round "2"]
[White "Horvath, Csaba"]
[Black "Suba, Mihai"]
[Result "1-0"]
[WhiteElo "2535"]
[BlackElo "2535"]
[Annotator "Bulletin"]
[PlyCount "68"]
[EventDate "1998.??.??"]
[EventType "team"]
[EventRounds "5"]
[EventCountry "ROU"]
[SourceTitle "EXT 1999"]
[Source "ChessBase"]
[SourceDate "1998.11.16"]
[SourceVersion "1"]
[SourceVersionDate "1998.11.16"]
[SourceQuality "1"]

1. d4 Nf6 2. c4 e6 3. Nf3 c5 4. d5 d6 5. Nc3 exd5 6. cxd5 g6 7. h3 a6 8. e4 b5
9. Bd3 Bg7 10. O-O O-O 11. Re1 Bb7 $6 12. Bf4 Qb6 13. Qd2 Nbd7 14. Bh6 Bxh6 15.
Qxh6 c4 $6 (15... Rae8) 16. Bc2 Rfe8 17. Re3 Nf8 $6 18. Rd1 $14 Qd8 (18... b4)
19. Nd4 Kh8 20. Qf4 Rc8 21. Nc6 Bxc6 22. dxc6 Rxc6 23. e5 N6d7 24. exd6 Rxe3
25. Qxe3 Qf6 26. Qe7 Kg7 27. Be4 Rc5 28. Bb7 Qf5 29. g4 Qc2 30. Bd5 Rxd5 31.
Rxd5 Qxb2 32. Qe3 b4 33. Qd4+ Kg8 34. Ne4 c3 {Zeit} (34... c3 35. Rc5 (35. Nf6+
Nxf6 36. Qxf6 Qb1+ 37. Kg2 (37. Kh2 c2 38. d7 c1=Q 39. d8=Q Qg1#) 37... c2 38.
d7 c1=Q 39. d8=Q Qe4+ 40. Qf3 Qh1+ 41. Kxh1 Qxf3+ 42. Kg1 Qxh3 $44) 35... Qb1+
(35... Nxc5 36. Nf6+ $18) (35... Qc1+ 36. Kg2 Qf4 37. g5) 36. Kg2 c2 37. Rc8
c1=Q (37... Qd1 38. Qb2) 38. Rxf8+ Nxf8 39. Nf6+ $18) 1-0